| 000 | 00562nam a22002177a 4500 | ||
|---|---|---|---|
| 003 | OSt | ||
| 005 | 20151026154508.0 | ||
| 008 | 130622t xxu||||| |||| 00| 0 eng d | ||
| 020 | _a9781876659875 | ||
| 050 |
_aLB 1507 _b.Ay981 2008 |
||
| 082 |
_aIB 371.26 _bAy4 2008 |
||
| 100 | _aAylward, Verity | ||
| 245 |
_aMind explosion : _cVerity Aylward. _bmax out your brain for exam success / |
||
| 260 |
_bBabylon Publishing, _c2008. |
||
| 300 |
_a120 p. _c24 cm |
||
| 562 | _e3 | ||
| 942 |
_2lcc _cBK |
||
| 999 |
_c3015 _d3015 |
||